<?xml version="1.0" encoding="UTF-8"?><?xml-stylesheet type="text/xsl" href="static/style.xsl"?><OAI-PMH xmlns="http://www.openarchives.org/OAI/2.0/" xmlns:xsi="http://www.w3.org/2001/XMLSchema-instance" xsi:schemaLocation="http://www.openarchives.org/OAI/2.0/ http://www.openarchives.org/OAI/2.0/OAI-PMH.xsd"><responseDate>2026-04-27T22:09:54Z</responseDate><request verb="GetRecord" identifier="oai:uvadoc.uva.es:10324/31076" metadataPrefix="marc">https://uvadoc.uva.es/oai/request</request><GetRecord><record><header><identifier>oai:uvadoc.uva.es:10324/31076</identifier><datestamp>2021-06-29T21:40:55Z</datestamp><setSpec>com_10324_38</setSpec><setSpec>col_10324_852</setSpec></header><metadata><record xmlns="http://www.loc.gov/MARC21/slim" xmlns:doc="http://www.lyncode.com/xoai" xmlns:xsi="http://www.w3.org/2001/XMLSchema-instance" xmlns:dcterms="http://purl.org/dc/terms/" xsi:schemaLocation="http://www.loc.gov/MARC21/slim http://www.loc.gov/standards/marcxml/schema/MARC21slim.xsd">
<leader>00925njm 22002777a 4500</leader>
<datafield tag="042" ind1=" " ind2=" ">
<subfield code="a">dc</subfield>
</datafield>
<datafield tag="720" ind1=" " ind2=" ">
<subfield code="a">Gómez Alonso, Ana</subfield>
<subfield code="e">author</subfield>
</datafield>
<datafield tag="260" ind1=" " ind2=" ">
<subfield code="c">2018</subfield>
</datafield>
<datafield tag="520" ind1=" " ind2=" ">
<subfield code="a">El estudio sobre las emociones coge impulso a finales del siglo XX. Se trata de un campo de estudio de una gran magnitud, poseyendo una gran complejidad. Por este motivo, diversas disciplinas han intentado abordar este tema. Todas ellas coinciden en que es un tema sobre el cual siempre habrá más materia para que investigar y nuevos retos que descubrir. La publicidad, en muchos casos, aprovecha estas emociones a la hora de crear sus estrategias comerciales, apelando a los deseos y las necesidades más internas del consumidor, consiguiendo que estos mantengan una actitud positiva hacia el mensaje. El objetivo de este trabajo es entender el uso de las emociones en las campañas publicitarias, en concreto, la utilización del miedo como recurso publicitario en dos sectores comerciales. Para ello, se ha llevado a cabo un análisis de diferentes campañas que utilizan este recurso, cuya finalidad es comparar la forma en la que se emplea esta emoción en cada sector.</subfield>
</datafield>
<datafield tag="024" ind2=" " ind1="8">
<subfield code="a">http://uvadoc.uva.es/handle/10324/31076</subfield>
</datafield>
<datafield ind1=" " ind2=" " tag="653">
<subfield code="a">Publicidad-Aspecto psicológico</subfield>
</datafield>
<datafield ind1=" " ind2=" " tag="653">
<subfield code="a">Consumidores</subfield>
</datafield>
<datafield tag="245" ind1="0" ind2="0">
<subfield code="a">Análisis sobre la utilización del miedo como recurso publicitario en dos sectores: Cuidado personal y farmaceútico</subfield>
</datafield>
</record></metadata></record></GetRecord></OAI-PMH>